| 000 | 00764cab a2200229 4500 | ||
|---|---|---|---|
| 001 | ABS43498 | ||
| 008 | 090401t1990 xxu||||| |||| 00| 0 eng d | ||
| 035 | _a(Sirsi) u42061 | ||
| 041 | _aeng | ||
| 245 | _aScottish heritage: the way ahead | ||
| 260 | _c1990 | ||
| 350 | _a0 | ||
| 490 |
_aChartered Surveyor Weekly _v33(3) 18 October 1990, 139(1) |
||
| 520 | _aDescribes the RICS response to "The way ahead", a Scottish Office publication looking at the future of the statutory conservation agencies in Scotland . | ||
| 650 | _aCOUNTRYSIDE COMMISSION FOR SCOTLAND | ||
| 650 | _aJOINT NATURE CONSERVATION COMMITTEE | ||
| 650 | _aNATURE CONSERVANCY COUNCIL | ||
| 650 | _aSCOTTISH NATURAL HERITAGE | ||
| 690 | _aCON | ||
| 942 | _n0 | ||
| 948 | _c04/03/1997 | ||
| 999 |
_c27019 _d27019 |
||